[Event "ENG-ch Schools"]
[Site "Nottingham"]
[Date "2025.06.25"]
[Round "1.4"]
[White "Amir, Zain"]
[Black "Midzi, Tatenda"]
[Result "1-0"]
[WhiteElo "1659"]
[BlackElo "1813"]
[PlyCount "101"]
[EventDate "2025.06.25"]
[EventType "team-swiss"]
[EventRounds "6"]
[EventCountry "ENG"]
[SourceTitle "CB27_2025"]
[SourceDate "2025.07.02"]
[SourceVersion "1"]
[SourceVersionDate "2025.07.02"]
[SourceQuality "1"]
[WhiteTeam "King Edward"]
[BlackTeam "York College"]
[WhiteTeamCountry "ENG"]
[BlackTeamCountry "ENG"]

1. d4 d5 2. Bf4 Nc6 3. e3 Nf6 4. Nf3 a6 5. c3 h6 6. Bd3 Bg4 7. Nbd2 e6 8. h3 Bxf3 9. Nxf3 Bd6 10. Bxd6 Qxd6 11. 0-0 e5 12. dxe5 Nxe5 13. Nxe5 Qxe5 14. Qa4+ c6 15. e4 dxe4 16. Bxe4 0-0 17. Rfe1 b5 18. Qc2 Qg5 19. Bxc6 Rac8 20. Bf3 Rfe8 21. Rad1 b4 22. Rxe8+ Nxe8 23. Bb7 Rc7 24. Qe4 Qe7 25. Qxe7 Rxe7 26. Bxa6 bxc3 27. bxc3 Ra7 28. Rd8 Kf8 29. Bb5 Re7 30. Rxe8+ Rxe8 31. Bxe8 Kxe8 32. Kf1 Kd7 33. Ke2 Kc6 34. Kd3 Kc5 35. a4 f5 36. f4 g5 37. g3 gxf4 38. gxf4 h5 39. h4 Kb6 40. Kd4 Ka5 41. Ke5 Kxa4 42. c4 Kb4 43. Kd5 Kc3 44. c5 Kd3 45. c6 Ke3 46. Ke5 Kf3 47. Kxf5 Kg3 48. Kg5 Kh3 49. c7 Kg3 50. c8Q Kf3 51. f5 1-0